Sports Quiz

Random Sports or NBA Quiz

Big 4 Teams By MSA Quiz Stats

 Plays Quiz not verified by Sporcle

Score 0/31 Timer 05:00
0 Plays Today
Number of Teams MSA Name % Correct
9New York City
100%
7Los Angeles
98.8%
4Dallas
97.6%
3Houston
97.6%
4Philadelphia
97.6%
4Miami
97.6%
4Boston
97.6%
4San Francisco
97.6%
4Washington, DC
97.6%
2Seattle
96.5%
3Cleveland
96.5%
5Chicago
95.3%
4Detroit
94.1%
2Cincinnati
94.1%
4Denver
94.1%
3Atlanta
92.9%
Number of Teams MSA Name % Correct
4Phoenix
92.9%
4Minneapolis
92.9%
2St Louis
92.9%
3Pittsburgh
92.9%
3Tampa
92.9%
2Milwaukee
91.8%
3Toronto
91.8%
2Baltimore
90.6%
2Kansas City
89.4%
2Buffalo
85.9%
2New Orleans
84.7%
2Indianapolis
84.7%
2Charlotte
82.4%
2Nashville
82.4%
2San Jose
65.9%

You're not logged in!

Compare scores with friends on all Sporcle quizzes.
OR
Log In

Sporcle TV

Today on Sporcle TV


Watch our educational content, quiz creation guides, and fun videos on Sporcle TV.

Show Comments

Extras

Top Quizzes Today


Score Distribution

Your Account Isn't Verified!

In order to create a playlist on Sporcle, you need to verify the email address you used during registration. Go to your Sporcle Settings to finish the process.

Report this User

Report this user for behavior that violates our Community Guidelines.

Details: